000 01639nam a2200337 i 4500
001 bg
100 1 _aGRANAT, Kazimierz
245 1 0 _aWieloskładnikowe stopy Fe-C-Cr-Si odporne na zużycie przeznaczone na odlewy i warstwy napawane /
_cKazimierz Granat.
246 1 1 _aMulticomponent wear-resisting Fe-C-Cr-Si alloys for casting and pad-welded layers
260 _aWrocław :
_bOficyna Wydawnicza PW,
_c2005.
300 _a182 s. :
_bfot., rys., wykr. ;
_c24 cm.
490 1 _aPrace Naukowe Instytutu Technologii Maszyn i Automatyzacji Politechniki Wrocławskiej. Monografie =
_aScientific Papers of the Institute of Production Engineering and Automation of the Wrocław University of Technology. Monographs,
_x0867-5325 ;
_v26
500 _aTyt. równol.: Multicomponent wear-resisting Fe-C-Cr-Si alloys for casting and pad-welded layers. Numeracja serii gł.: 86. - Streszcz. ang.
504 _aBibliogr. s. 166-173.
650 9 _aKorozja i erozja
_xzapobieganie i zwalczanie
650 9 _aKrzem
_xstosowanie
_xtechnika
650 9 _aNapawanie spawalnicze
650 9 _aNatryskiwanie cieplne
650 9 _aOdlewnictwo
650 9 _aStopy (metalurg.)
_xmechanika
650 9 _aStopy (metalurg.)
_xstosowanie
650 9 _aStopy (metalurg.)
_xtechnologia
650 9 _aWytrzymałość materiałów
830 0 _aPrace Naukowe Instytutu Technologii Maszyn i Automatyzacji Politechniki Wrocławskiej.
_pMonografie ;
_v26
015 _aPB 11196/2005
040 _cBPK
041 0 _apol
_beng
080 _a669.017/.018:621.791/.795:621.74:620.17:620.193:539.3/.6
942 _cKS
008 s pl f |000 0 pol
999 _c46692
_d46692
856 _uhttp://koha.tu.koszalin.pl/cgi-bin/koha/opac-detail.pl?biblionumber=46692
_yKatalog online BPK